Analýza štruktúry a mechanických vlastností odliatkov z vytvrditeľných a nevytvrditeľných zliatin hliníka : Diplomová práca

Gespeichert in:
Bibliographische Detailangaben
1. Verfasser: Domoráková, Lenka (Verfasst von)
Weitere Verfasser: Grgač, Peter, 1952- (xxx)
Format: Manuskript Buch
Sprache:Slowakisch
Veröffentlicht: Trnava : STU v Bratislave MtF KMI, 2004
Schlagworte:
Tags: Tag hinzufügen
Keine Tags, Fügen Sie das erste Tag hinzu!

MARC

LEADER 00000ntm a22000003a 4500
001 stu88938
005 20160719154712.8
008 040715s2004----xo------------------slo-d
040 |a STU  |b slo 
041 0 |a slo 
044 |a xo 
100 1 |a Domoráková, Lenka  |4 aut 
245 1 |a Analýza štruktúry a mechanických vlastností odliatkov z vytvrditeľných a nevytvrditeľných zliatin hliníka :  |b Diplomová práca 
260 |a Trnava :  |b STU v Bratislave MtF KMI,  |c 2004 
300 |a 71 s 
650 7 |a materiálové inžinierstvo  |2 stusub 
650 7 |a kovové a nekovové materiály  |2 stusub 
700 1 |a Grgač, Peter,  |d 1952-  |4 xxx  |u M1000  |U MTF Materiálovotechnologická fakulta  |T MTF Ústav materiálov  |X 4174  |U M1000  |Y 81  |7 A000004174 
996 |b 284M059806  |c M*DP-5068  |l MMSKP  |s P  |a 0  |w stu88938_0001